000 00509nam a2200193 a 4500
001 1764835984474
003 YourLibrary
005 20251204134438.0
008 251204s2002##################000#0#eng##
020 _a9780521771566
082 0 4 _a616.08
_bMAN
100 1 _aManto, Mario,
_eauthor.
245 1 0 _aThe Cerebellum and Its Disorders :
260 _bCambridge University Press,
_c2002.
300 _a620 pages
650 0 _aMedical.
942 _cENGLISH
040 _aYourLibrary
_beng
_cYourLibrary
999 _c600038
_d600038